| 000 | 01338nam a22002537a 4500 | ||
|---|---|---|---|
| 999 |
_c58370 _d58370 |
||
| 003 | Ge_BSU | ||
| 005 | 20211221133022.0 | ||
| 008 | 211221s2021ge xxu||||| |||| 00| 0 geo d | ||
| 020 | _a9789941340154 | ||
| 041 | _ageo | ||
| 080 | _a811.353.1'28+39 ფ-32 | ||
| 100 |
_aფაღავა, მამია _913320 |
||
| 245 |
_aტაოური ჩანაწერები / _bმამია ფაღავა ; რედ. შოთა ზოიძე. |
||
| 250 | _aპირველი გამოცემა | ||
| 264 |
_aთბილისი : _bმერიდიანი, _c2021. |
||
| 300 |
_a521 გვ.: _c20 სმ. |
||
| 504 | _aბიბლიოგრაფ. გვ:509-510 | ||
| 653 | _aტაოური ჩანაწერები | ||
| 653 | _a ენა, ფოლკლორი, ისტორია, ეთნოგრაფია | ||
| 700 |
_aზოიძე, შოთა _eრედაქტორი _94207 |
||
| 710 |
_aბათუმის შოთა რუსთაველის სახელმწიფო უნივერსიტეტი ჰუმანიტარულ მეცნიერებათა ფაკულტეტი ქართველოლოგიის ცენტრი _913321 |
||
| 773 | _tნაჩუქარი | ||
| 942 |
_2udc _cBK |
||